Paroles Disney - Pocahontas - Des sauvages - Statistiques

Statistiques générales
  • Ce quiz a été pris 310 fois
  • Le résultat moyen est 247 sur 342
Statistiques - réponses
Hint Réponse % Correct
d'
98%
de
97%
des
96%
Des
96%
sauvages
96%
a
95%
à
95%
l'
95%
sa
95%
Radcliffe il
92%
Il
92%
n'
92%
le
91%
Le
91%
pas
91%
Colons et Indiens | Colons et Radcliffe Tous
90%
tous
90%
les
88%
la
87%
son
87%
ces
86%
est
86%
guerre
85%
humains
85%
ne
85%
se
85%
êtres
84%
je
84%
blanc
83%
ils
83%
or
83%
sont
83%
tambours
83%
un
82%
y
82%
C'est
80%
c'est
80%
Colons et Indiens | chef Powhatan et les Indiens Nous
80%
nous
80%
moi
79%
Moi
79%
qu'il
79%
rien
79%
en
78%
En
78%
faire
78%
homme
78%
avec
77%
comme
75%
Indiens
75%
Même
74%
une
74%
au
73%
démon
73%
dans
72%
méchants
72%
sans
72%
seul
72%
païens
71%
Battons
70%
bons
70%
forcément
70%
blancs
69%
tuer
68%
dieu
67%
faut
67%
mort
67%
race
67%
coeur
66%
encore
66%
tête
66%
vermine
66%
adore
65%
extermine
65%
balle
64%
vipères
64%
raison
63%
avions
62%
bêtes
62%
peau
61%
que
61%
Puisqu'ils
60%
qu'ils
60%
Qu'ils
60%
voyous
60%
ou
59%
ses
59%
tueurs
59%
Chassons
58%
enfer
56%
remords
56%
si
56%
leur
55%
Pocahontas Non !
55%
sèment
54%
ailes
52%
aillent
52%
donne
52%
ciel
51%
grand
49%
sang
49%
Pocahontas Aigle
48%
avant
48%
Pocahontas Avant
48%
du
48%
rouge
48%
chose
47%
dois
47%
soldats
47%
vices
47%
espoir
46%
glissent
46%
mains
46%
quelque
46%
jour
45%
cette
44%
vos
44%
avenir
43%
Méfions-nous
43%
Pocahontas Montagne
43%
tenter
43%
carnage
42%
explose
42%
matin
42%
Voyons
42%
Commençons
41%
Après dialogue Voici
41%
Dessous
40%
trop
40%
leurs
39%
soit
38%
tard
38%
Pocahontas Mais
37%
morts
37%
reste
37%
veux
37%
n'en
36%
trace
36%
aucune
35%
lys
35%
chiens
34%
eux
34%
prisonnier
34%
Amenez
33%
Amour
33%
faudra
33%
vont
33%
mourir
32%
payent
32%
cadavres
29%
Détruisons
29%
laisserons
28%
pourrir
28%
Manitou
27%
Pocahontas Oh
27%
crèvent
26%
larmes
26%
Pocahontas Fais
24%
Pleure
18%
fer
17%
Démons
14%
sonnent
14%
Satan
11%
rats
10%
repos
10%
crever
9%
puants
9%
riens-du-tout
7%
Battez-les
4%
Aucun quiz correspondant
Distribution des résultats
% des personnes avec chaque résultat
Percentile par nombre de réponses
Votre historique - résultats
Vous n’avez pas pris ce quiz